LEADER 00723nam0-22002891i-450- 001 990003331220403321 005 20001010 035 $a000333122 035 $aFED01000333122 035 $a(Aleph)000333122FED01 035 $a000333122 100 $a20001010d--------km-y0itay50------ba 101 0 $aita 105 $ay-------001yy 200 1 $aECONOMICS 210 $aNEW YORK$cMc GRAW HILL$d1989 610 0 $aEconomia 676 $a330.7 700 1$aSamuelson,$bPaul Anthony$f<1915-2009>$03816 801 0$aIT$bUNINA$gRICA$2UNIMARC 901 $aBK 912 $a990003331220403321 952 $a330.7 SAM /3$bLINGUE 1307$fDECLI 959 $aDECLI 996 $aEconomics$916316 997 $aUNINA DB $aING01 LEADER 01207nam0-2200373li-450 001 990000243490203316 005 20180312154818.0 035 $a0024349 035 $aUSA010024349 035 $a(ALEPH)000024349USA01 035 $a0024349 100 $a20001109d1999----km-y0itay0103----ba 101 0 $aeng 102 $aIT 200 1 $aAnnual report 1998$fIstituto nazionale di fisica nucleare, Laboratori nazionali di Legnaro$gMarco Cinausero ... [et al.] (eds.) 210 $aLegnaro$cLaboratori nazionali$dcopyr. 1999 215 $aXXII, 307 p.$cill.$d30 cm 610 1 $afisica nucleare 610 1 $alegnaro$alaboratori nucleari 676 $a5397$9Fisica atomica e nucleare 702 1$aCinausero,$bMarco 710 1$aIstituto nazionale di fisica nucleare 710 1$aLaboratori nazionali di Legnaro 801 $aSistema bibliotecario di Ateneo dell' Università di Salerno$gRICA 912 $a990000243490203316 951 $a539.7 IST$b0023646 959 $aBK 969 $aSCI 979 $c19990617 979 $c20001110$lUSA01$h1715 979 $c20020403$lUSA01$h1632 979 $aPATRY$b90$c20040406$lUSA01$h1617 996 $aAnnual report 1998$91295815 997 $aUNISA LEADER 03564nam 2200553 a 450 001 9910461080503321 005 20200520144314.0 010 $a1-283-95411-7 010 $a1-78042-913-4 035 $a(CKB)2670000000180967 035 $a(EBL)915108 035 $a(OCoLC)793511417 035 $a(MiAaPQ)EBC915108 035 $a(Au-PeEL)EBL915108 035 $a(CaPaEBR)ebr10621997 035 $a(CaONFJC)MIL426661 035 $a(EXLCZ)992670000000180967 100 $a20121128d2012 uy 0 101 0 $ager 135 $aur|n|---||||| 181 $2rdacontent 182 $2rdamedia 183 $2rdacarrier 200 10$a[Temptis]$b[electronic resource] $iDie Kunst Afrikas /$fMaurice Delafosse ; [U?bersetzung, Romy Fischer ; Redaktion der deutschen Ausgabe, Klaus H. Carl] 210 $aNew York $cParkstone International$d[2012] 215 $a1 online resource (256 p.) 225 1 $aTemporis 300 $aDescription based upon print version of record. 311 $a1-906981-26-4 320 $aIncludes bibliographical references and index. 327 $aDie Anfa?nge des Songhai-ReichesDas Mandingo-Reich; Die Reiche der Mossi; Westafrika - 15. bis 20. Jahrhundert; Historischer Quellenreichtum; Das Mandingo- und das Songhai-Reich; Der Askia Mohammed; Koli Tenguella; Die letzten Askia; Die Paschas aus Timbuktu; Die Bambara-Reiche; Die Tukulor-Eroberung; Die Samori-Streifzu?ge; Die Vo?lker der Westku?ste; Die Vo?lker des Nigerbogens; Die Schwarzen im Zentral- und Ostsudan; Das Land der Hausa; Das Bornu-Reich; Das Sultanat Bagirmi; Das Ko?nigreich Wadai; Darfur und Kurdufan; Die Eskapaden von Rabih; Der Mahdismus 327 $aDie Nachbarvo?lker Abessiniens und die Vo?lker der Ostspitze AfrikasSu?dafrika; Die Bantu; Der Kongo; Das Ko?nigreich Ansika; Das Reich des Mataman; Das Reich der Betschuanen; Das Reich des Monomotapa; Kilwa und die Sultanate von Zandsch; Die Reiche im Landesinneren; Europa?ische und christliche Einflu?sse; Materielle Kulturen; Die Vielfalt materieller Kulturen; Der Einfluss des Umfelds; Behausungen; Ausstattung; Kleidung und Schmuck; Berufe; Soziale Sitten; Die Familie und zwei Verwandtschaftsmodelle; Der Patriarch; Die Ehe; Die Scheidung; Die Kinder; Die Polygamie; Kollektiv- und Privateigentum 327 $aAngebliche geistige Unterlegenheit der Schwarzen - Ein niemals erbrachter Beweis und zahlreiche GegenbeweiseAnhang; Ausgewa?hlte Bibliografie; Anmerkungen; Abbildungsverzeichnis nach Ethnien 330 $aDie Kunst Afrikas la?dt dazu ein, den dynamischen Urspru?ngen der Vielzahl ku?nstlerischer Ausdrucksmo?glichkeiten auf denGrund zu gehen, die von diesem exotisch mystischen Kontinent ausgehen.Seit die afrikanische Kunst durch die koloniale Entdeckung am Ende des 19. Jahrhunderts bekannt wurde, diente sieKu?nstlern, die sie u?ber die Zeit immer wieder nachahmten, als unerscho?pfl iche Inspirationsquelle.Die Sta?rke der Kunst Subsahara-Afrikas liegt in ihrer visuellen Vielfalt, worin die Kreativita?t der Ku?nstler offenbar wird, diefortwa?hrend neue stylistische Formen entwerfen. Von Mauretanien bis nach S 410 0$aTemporis 606 $aArt, African 608 $aElectronic books. 615 0$aArt, African. 676 $a709.6 700 $aDelafosse$b Maurice$0130623 701 $aFischer$b Romy$0950660 701 $aCarl$b Klaus H$0861194 801 0$bMiAaPQ 801 1$bMiAaPQ 801 2$bMiAaPQ 906 $aBOOK 912 $a9910461080503321 996 $aTemptis$92149350 997 $aUNINA